| 000 | nam a22 7a 4500 | ||
|---|---|---|---|
| 999 |
_c16466 _d16466 |
||
| 008 | 161110b xxu||||| |||| 00| 0 eng d | ||
| 020 | _a9781435419148 | ||
| 020 | _a1435419146 | ||
| 020 | _a 9781435401051 | ||
| 020 | _a1435401050 | ||
| 020 | _a9781435419148 | ||
| 020 | _a9781435419285 | ||
| 020 | _a1435419286 | ||
| 050 |
_aR 7288 _b .L56 2010 |
||
| 100 | _aLindh, Wilburta Q. | ||
| 245 |
_aDelmar's comprehensive medical assisting : _badministrative and clinical competencies/ _cWilburta Q. Lindh; Marilyn S. Pooler; Carol D. Tamparo; Barbara M. Dahl |
||
| 250 | _a4th ed. | ||
| 260 |
_aClifton Park, NY : _bDelmar Cengage Learning, _c©2010. |
||
| 300 |
_axxxiv, 1506p. : _bill. ; |
||
| 500 | _aInclude bibliography and index. | ||
| 650 |
_aMedical assistants _xExaminations, questions, etc. |
||
| 650 |
_a Medical offices _xManagement _yExaminations, questions, etc. |
||
| 650 | _a Allied health personnel. | ||
| 700 | _aPooler, Marilyn S. | ||
| 700 | _aTamparo, Carol D. | ||
| 700 | _aDahl, Barbara M. | ||
| 942 |
_2lcc _cBOOKS _hR 7288 .L56 2010 |
||